Viac ako tretina nezamestnaných vysokoškolákov sú ekonómi a právnici
Šanca zamestnať sa rastie s výškou vzdelania, nekvalifikovaní mladí ľudia nemajú takmer vôbec šancu zamestnať sa. Nárast problému uplatniť sa na trhu práce u vysokoškolákov. Zamestnávatelia vyžadujú počítačovú gramotnosť. Bariériou prijatia je i požiadavka praxe. Školy nepripravujú študentov na zdol...
Enregistré dans:
| Auteur principal: | |
|---|---|
| Format: | Chapitre de livre |
| Langue: | slovaque |
| Sujets: | |
| Tags: |
Pas de tags, Soyez le premier à ajouter un tag!
|
MARC
| LEADER | 00000naa a2200000 4500 | ||
|---|---|---|---|
| 001 | r043256 | ||
| 005 | 20230921112302.2 | ||
| 041 | 0 | |a slo | |
| 044 | |a SK | ||
| 245 | 1 | 0 | |a Viac ako tretina nezamestnaných vysokoškolákov sú ekonómi a právnici |c Eva Reiselová |
| 520 | |a Šanca zamestnať sa rastie s výškou vzdelania, nekvalifikovaní mladí ľudia nemajú takmer vôbec šancu zamestnať sa. Nárast problému uplatniť sa na trhu práce u vysokoškolákov. Zamestnávatelia vyžadujú počítačovú gramotnosť. Bariériou prijatia je i požiadavka praxe. Školy nepripravujú študentov na zdolávanie prekážok. Nezamestnaní absolventi vysokých škôl. | ||
| 610 | 2 | 0 | |a trh práce |
| 610 | 2 | 0 | |a zamestnanosť |
| 610 | 2 | 0 | |a vysokoškoláci |
| 610 | 2 | 0 | |a nezamestnaní |
| 610 | 2 | 0 | |a vzdelanie |
| 610 | 2 | 0 | |a počítače |
| 610 | 2 | 0 | |a prax odborná |
| 610 | 2 | 0 | |a nezamestnanosť |
| 610 | 2 | 0 | |a Slovensko |
| 100 | 1 | |a Reiselová, Eva | |